000 00876nam a22002177a 4500
999 _c61763
_d61763
005 20240430102304.0
008 240430s2008 enk||||| |||| 00| 0 eng d
020 _a‎9780323048415x
041 _aeng
080 _a616-036.81 P-25
100 _aParrillo, Joseph E.
_921990
245 _aCritical Care Medicine: Principles of Diagnosis and Management in the Adult /
_cJoseph E. Parrillo.
250 _a3rd Edition
264 _aPhiladelphia :
_b‎Mosby,
_c2008.
300 _a1776 p.:
_bill.;
_c28 cm.
653 _aკრიტიკული მედიცინა
653 _aდიაგნოსტიკისა და მკურნალობის მართვის პრინციპები მოზრდილებში
653 _aმედიცინა
700 _aDellinger, R.P.
_eავტორი
_921991
942 _2udc
_cBK